VIII Jornadas argentinas de catálisis Mar del Plata, 2 al 5 de noviembre de 1993 : actas /
Guardado en:
| Autores Corporativos: | , , |
|---|---|
| Formato: | Libro |
| Idioma: | Spanish |
| Publicado: |
Mar del Plata, Argentina :
INTEMA,
1989.
|
| Materias: | |
| Etiquetas: |
Agregar Etiqueta
Sin Etiquetas, Sea el primero en etiquetar este registro!
|
| LEADER | 01027nam a22001935a 4500 | ||
|---|---|---|---|
| 001 | EIQ.libpla000779 | ||
| 008 | 060523s1989####ag#a#####b####100#0#spa#d | ||
| 005 | 20060523130432.0 | ||
| 245 | 1 | 0 | |a VIII Jornadas argentinas de catálisis Mar del Plata, 2 al 5 de noviembre de 1993 : |b actas / |c Comité Nacional de Catálisis (CONACA), Consejo Nacional de Investigaciones Científicas y Técnicas (CONICET), Universidad Nacional de Mar del Plata (UNMDP). |
| 260 | |a Mar del Plata, Argentina : |b INTEMA, |c 1989. | ||
| 300 | |a 192 p. : |b il. ; |c 25 cm. | ||
| 504 | |a Incluye referencias bibliográficas. | ||
| 111 | 2 | |a Jornadas Argentinas sobre Catálisis |n (8º : |d 1993 : |c Mar del Plata, Argentina) | |
| 710 | 2 | |a Consejo Nacional de Investigaciones Científicas y Técnicas (CONICET). |b Comité Nacional de Catálisis (CONACA). | |
| 710 | 2 | |a Universidad Nacional de Mar del Plata (UNMDP) | |
| 650 | 4 | |a Catálisis |x Congresos. | |
| 650 | 4 | |a Catalysis |x Congresses. | |
| 040 | |a AR-BbSID |b spa |c AR-BbSID | ||
| 859 | |a AR-BbSID |b BIB. PLAPIQUI |h 541.395 |i J 769 |p 4126 | ||
